LIBRARY ONLINE CATALOGUE

Inorganic chemistry / (Record no. 20705)

MARC details
000 -LEADER
fixed length control field 00553nam a22002057a 4500
003 - CONTROL NUMBER IDENTIFIER
control field OSt
005 - DATE AND TIME OF LATEST TRANSACTION
control field 20250609153859.0
008 - FIXED-LENGTH DATA ELEMENTS--GENERAL INFORMATION
fixed length control field 250609b |||||||| |||| 00| 0 eng d
020 ## - INTERNATIONAL STANDARD BOOK NUMBER
International Standard Book Number 9780443141027
040 ## - CATALOGING SOURCE
Original cataloging agency KABU
Transcribing agency KABU
050 ## - LIBRARY OF CONGRESS CALL NUMBER
Classification number QD151
Item number .H68 2026
100 ## - MAIN ENTRY--PERSONAL NAME
Personal name House, James E.
245 ## - TITLE STATEMENT
Title Inorganic chemistry /
Statement of responsibility, etc. James E. House
250 ## - EDITION STATEMENT
Edition statement 4th. ed.
260 ## - PUBLICATION, DISTRIBUTION, ETC. (IMPRINT)
Place of publication, distribution, etc. London:
Name of publisher, distributor, etc. Elsevier,
Date of publication, distribution, etc. 2026
300 ## - PHYSICAL DESCRIPTION
Extent xiv, 973p. : ill.
504 ## - BIBLIOGRAPHY, ETC. NOTE
Bibliography, etc Includes Bibliographical references and index
650 ## - SUBJECT ADDED ENTRY--TOPICAL TERM
Topical term or geographic name as entry element Chemistry
General subdivision inorganic
942 ## - ADDED ENTRY ELEMENTS (KOHA)
Source of classification or shelving scheme Library of Congress Classification
Koha item type General Collection
Holdings
Withdrawn status Lost status Source of classification or shelving scheme Not for loan Home library Current library Shelving location Date acquired Cost, normal purchase price Inventory number Total Checkouts Full call number Barcode Date last seen Copy number Price effective from Koha item type Date last checked out
    Library of Congress Classification   Kabarak, Main Campus Kabarak, Main Campus General Stacks 09/06/2025 20689.50 2025/2044   QD151 .H68 2026 C.2 33251 09/06/2025 C.2 09/06/2025 General Collection  
    Library of Congress Classification   Kabarak, Main Campus Kabarak, Main Campus General Stacks 09/06/2025 20689.50 2025/2045   QD151 .H68 2026 C.1 33252 09/06/2025 C.1 09/06/2025 General Collection  
    Library of Congress Classification   Kabarak, Main Campus Kabarak, Main Campus   09/06/2025 20689.50 2025/2046 1 QD151 .H68 2026 C.3 33250 30/07/2025 C.3 09/06/2025 General Collection 24/07/2025